Bilecik Bilecik Bilecik Bilecik Bilecik

Benim adım Ford Otosan : (Record no. 47713)

MARC details
000 -BAŞLIK
Sabit Uzunluktaki Kontrol Alanı 01379nam a22003737a 4500
001 - KONTROL NUMARASI
Control Dosyası 0047871
003 - KONTROL NUMARASI KİMLİĞİ
Kontrol Alanı KOHA_MİRAKIL
005 - EN SON İŞLEM TARİHİ ve ZAMANI
Kontrol Alanı 20260207003600.0
007 - FİZİKSEL TANIM SABİT ALAN - GENEL BİLGİ
Sabit uzunluklu kontrol alanı ta
008 - SABİT UZUNLUKTAKİ VERİ ÖGELERİ - GENEL BİLGİ
Sabit Alan 150402b2010 tu a|||gr||||#||||0|tur |
020 ## - ISBN - ULUSLARARASI STANDART KİTAP NUMARASI
Isbn 9786056108457
040 ## - KATALOGLAMA KAYNAĞI
Özgün Kataloglama Kurumu TR-BiSEU
Kataloglama Dili tur
Çeviri Kurumu TR-BiSEU
Açıklama Kuralları rda
041 0# - DİL KODU
Metin ya da ses kaydının dil kodu tur
044 ## - YAYINLAYAN/ÜRETEN KURULUŞUN ÜLKE KODU
ISO country code tu
050 ## - SINIFLAMA ve YER NUMARASI
Sınıflama Numarası TL140
Yer Numarası .B46 2010
240 10 - TEK BİÇİM BAŞLIK
Tekbiçim Başlık <a href="my name is Ford Otosan : Ford Otosan 50th anniversary">my name is Ford Otosan : Ford Otosan 50th anniversary</a>
Language of a work Türkçe
245 0# - ESER ADI BİLDİRİMİ
Başlık Benim adım Ford Otosan :
Alt Eseradı vb. Ford Otosan 50 yıl kurum tarihi =
-- my name is Ford Otosan :
-- Ford Otosan 50th anniversary /
Sorumluluk Bildirimi VTR Araştırma Yapım Yönetim.
264 #1 - ÜRERİM, YAYIN, DAĞITIM ve TELİF BİLDİRİMİ
Yayın yeri İstanbul :
Yayınlayan VTR Araştırma Yapım Yönetim
Yayın tarihi 2010
300 ## - FİZİKSEL TANIMLAMA
Sayfa, Cilt vb. 393 sayfa :
Diğer fiziki detaylar resimli ;
Boyutları 30 cm.
336 ## - İÇERİK TÜRÜ
Content type term metin
Content type code txt
Source rdacontent
337 ## - MEDYA TÜRÜ
Media type term aracısız
Media type code n
Source rdamedia
338 ## - TAŞIYICI TÜRÜ
Carrier type term cilt
Carrier type code nc
Source rdacarrier
650 #0 - KONU BAŞLIĞI EK GİRİŞ - KONU TERİMİ
Konusal terim veya coğrafi ad Ford, Henry, 1863-1947.
9 (RLIN) 66993
650 #0 - KONU BAŞLIĞI EK GİRİŞ - KONU TERİMİ
Konusal terim veya coğrafi ad Koç, Vehbi, 1901-1996.
9 (RLIN) 66994
650 #0 - KONU BAŞLIĞI EK GİRİŞ - KONU TERİMİ
Konusal terim veya coğrafi ad Ford family.
9 (RLIN) 66995
650 #0 - KONU BAŞLIĞI EK GİRİŞ - KONU TERİMİ
Konusal terim veya coğrafi ad Koç family.
9 (RLIN) 66996
650 #0 - KONU BAŞLIĞI EK GİRİŞ - KONU TERİMİ
Konusal terim veya coğrafi ad Ford Motor Company--History.
9 (RLIN) 66997
650 #0 - KONU BAŞLIĞI EK GİRİŞ - KONU TERİMİ
Konusal terim veya coğrafi ad Automobile industry and trade--Turkey--Biography.
9 (RLIN) 66998
650 #0 - KONU BAŞLIĞI EK GİRİŞ - KONU TERİMİ
Konusal terim veya coğrafi ad Otomobil endüstrisi ve ticareti--Türkiye--Biyografi.
9 (RLIN) 66999
650 #0 - KONU BAŞLIĞI EK GİRİŞ - KONU TERİMİ
Konusal terim veya coğrafi ad Belgesel filmler.
9 (RLIN) 31092
650 #0 - KONU BAŞLIĞI EK GİRİŞ - KONU TERİMİ
Konusal terim veya coğrafi ad Documentary films.
9 (RLIN) 61599
650 #0 - KONU BAŞLIĞI EK GİRİŞ - KONU TERİMİ
Konusal terim veya coğrafi ad Video Kayıt Koleksiyonu.Video Recordings Collection.
9 (RLIN) 67000
942 ## - EK GİRİŞ ÖGELERİ (KOHA)
Source of classification or shelving scheme Library of Congress Classification
Koha item type Book
Holdings
Materyal Türü Kalıcı Konum Mevcut Konum Raf Yeri Sınıflandırma Kaynağı Edinim Bilgisi Ana Konular Alt Konular Yer Numarası Demirbaş Numarası Fatura Tarihi Geri Çekilme Durumu Kayıp Durumu Hasarlı Durumu Kredi için değil Kayıt Tarih Toplam Ödünçverme Son Görülme Tarihi Son Kontrol Tarihi Genel / Bağış Notu
Book Prof. Dr. Azmi Özcan Kütüphanesi Prof. Dr. Azmi Özcan Kütüphanesi Birûni Salonu Library of Congress Classification Bağış TEKNOLOJİ Motorlu Araçlar, Havacılık, Uzay TL140 .B46 2010 0047871 02/02/2026       Ödünç verilmez 02/04/2015   05/12/2024 05/12/2024 Genel Bağış